000 00735cam a2200265 4500
008 000000n2000 000 0 eng u
020 _a0860175243
035 _a(Sirsi) u106577
050 _a693.1
100 _aHarrison, Peter
245 _aCladding fixings : good practice guide
260 _aLondon
_bCIRIA
_c2000
300 _a104p. ; 30cm.
350 _a35.00
490 _aCIRIA Publication
_vC524
650 _aCLADDING
650 _aCURTAIN WALLING
650 _aOVERCLADDING
650 _aBRICKWORK
690 _aBUILT ENVIRONMENT-CONSTRUCTION DESIGN
700 _aMasat, Jan
700 _aPeric-Matthews, Arna
710 _aConstruction Industry Research and Information Association
_94810
942 _n0
999 _c100583
_d100583